00910nam a2200217 i 450000100060000000300090000600500170001500700030003200800410003510000270007624501830010326000520028630000550033854600360039365000320042965100360046170000310049785200240052899900170055295201230056995052ES-MaACL20230906181626.0t|050520s1904 xxu ||||1| spa d1 aLumholtz, Carl.97474213aEl México desconocido b: cinco años de explotación entre las tribus de la Sierra Madre Occidental... / cpor Carl Lumholtz ; traducido al castellano por Balbino Dávalos. aNueva York : bCharles Scribner's Sons, c1904. a2 v. (XXXV, 516; XVIII, 516 p.) : bil. ; c25 cm. aTextos en español e inglés. 4aIndios de México.9157375 4aMéxico-xDescripción.990611 aDávalos, Balbino.942852 aES-MaACLjF-7762-63 c95052d95052 00104070aATENEOMbATENEOMcSPP2d2008-01-17eSCl0oF-7762-63p1099261r2023-02-23 00:00:00w2023-02-23yMONOGRAFIA